Physiology of the nervous system / (Record no. 4178)

000 -LEADER
fixed length control field 00926nam a2200313 a 4500
003 - CONTROL NUMBER IDENTIFIER
control field UkOxU
005 - DATE AND TIME OF LATEST TRANSACTION
control field 20220318095642.0
008 - FIXED-LENGTH DATA ELEMENTS--GENERAL INFORMATION
fixed length control field 880808s1983 enka b 001 0 eng
020 ## - INTERNATIONAL STANDARD BOOK NUMBER
International Standard Book Number 0333194640
020 ## - INTERNATIONAL STANDARD BOOK NUMBER
International Standard Book Number 0333308190 (pbk)
040 ## - CATALOGING SOURCE
Transcribing agency NAM
050 ## - LIBRARY OF CONGRESS CALL NUMBER
Classification number QP361
Item number .O874 1983
092 ## - LOCALLY ASSIGNED DEWEY CALL NUMBER (OCLC)
Classification number D0400164160
092 ## - LOCALLY ASSIGNED DEWEY CALL NUMBER (OCLC)
Classification number 10077186
100 1# - MAIN ENTRY--PERSONAL NAME
Personal name Ottoson, David,
Dates associated with a name 1918-
245 10 - TITLE STATEMENT
Title Physiology of the nervous system /
Statement of responsibility, etc. by David Ottoson.
260 ## - PUBLICATION, DISTRIBUTION, ETC.
Place of publication, distribution, etc. London :
Name of publisher, distributor, etc. Macmillan,
Date of publication, distribution, etc. 1983.
300 ## - PHYSICAL DESCRIPTION
Extent xiv, 527 p. :
Other physical details ill. ;
Dimensions 26 cm.
500 ## - GENERAL NOTE
General note Includes index.
504 ## - BIBLIOGRAPHY, ETC. NOTE
Bibliography, etc. note Bibliography: p. 505-519
650 #0 - SUBJECT ADDED ENTRY--TOPICAL TERM
Topical term or geographic name entry element Neurophysiology.
942 ## - ADDED ENTRY ELEMENTS (KOHA)
Source of classification or shelving scheme
Koha item type Book
Holdings
Withdrawn status Lost status Source of classification or shelving scheme Damaged status Not for loan Permanent Location Current Location Shelving location Date acquired Source of acquisition Total Checkouts Full call number Barcode Date last seen Price effective from Koha item type Public note
          AU LIBRARY AU LIBRARY Open Shelf 18.03.2022 DONATION FROM MOI UNIVERSITY   QP361 .O874 1983 28006013 18.03.2022 18.03.2022 Book SM

Powered by Koha